Los estudios eclesiásticos superiores en el Nuevo Reino de Granada (Record no. 137598)

MARC details
000 -LEADER
campo de control de longitud fija 00838nam a2200205 4500
001 - NÚMERO DE CONTROL
campo de control 137598
003 - IDENTIFICADOR DE NÚMERO DE CONTROL
campo de control ES-MaACL
005 - FECHA Y HORA DE LA ÚLTIMA TRANSACCIÓN
campo de control 20250827063223.0
007 - CAMPO FIJO DE DESCRIPCIÓN FÍSICA--INFORMACIÓN GENERAL
campo de control de longitud fija t|
008 - DATOS DE LONGITUD FIJA--INFORMACIÓN GENERAL
campo de control de longitud fija 070214s1946 sp r ||||1| spa d
100 0# - ENTRADA PRINCIPAL--NOMBRE DE PERSONA
Nombre de persona José Abel Salazar de Cristo Rey,
Fechas asociadas al nombre 1911-1976
9 (RLIN) 66973
245 14 - MENCIÓN DEL TÍTULO
Título Los estudios eclesiásticos superiores en el Nuevo Reino de Granada
Resto del título : (1563-1810) /
Mención de responsabilidad, etc. por el P. Fray José Abel Salazar.
260 ## - PUBLICACIÓN, DISTRIBUCIÓN, ETC.
Lugar de publicación, distribución, etc. Madrid :
Nombre del editor, distribuidor, etc. Consejo Superior de Investigaciones Científicas, Instituto Santo Toribio de Mogrovejo,
Fecha de publicación, distribución, etc. 1946.
300 ## - DESCRIPCIÓN FÍSICA
Extensión XXIII, 781 p., 11 lám. ;
Dimensiones 25 cm.
490 1# - MENCIÓN DE SERIE
Mención de serie Biblioteca missionalia hispanica ;
Designación de volumen o secuencia 3
710 2# - ENTRADA AGREGADA--NOMBRE DE ENTIDAD CORPORATIVA
Nombre de entidad corporativa o nombre de jurisdicción como elemento de entrada Instituto Santo Toribio de Mogrovejo.
9 (RLIN) 181352
830 0# - PUNTO DE ACCESO ADICIONAL DE SERIE-TÍTULO UNIFORME
Título uniforme Biblioteca missionalia hispanica ;
Designación de volumen o secuencia 3
9 (RLIN) 184173
852 ## - LOCALIZACIÓN
Ubicación ES-MaACL
Número de control de estantería C-3908
Sublocalización o colección R.23339
Holdings
Estatus retirado Estado de pérdida Estado de daño No para préstamo Biblioteca de origen Biblioteca actual Ubicación en estantería Fecha de adquisición Fuente de adquisición Total de préstamos Signatura topográfica completa Código de barras Visto por última vez Precio de reemplazo Tipo de ítem Koha
        Biblioteca del Ateneo de Madrid Biblioteca del Ateneo de Madrid Sala Palomar 17/01/2008     C-3908 1143188 23/02/2023 23/02/2023 Libro impreso